000 ncm a22 a 4500
999 _c349858
_d349858
003 BLK
005 20210615095147.0
008 200325b bu ||||| |||| 00| 0 bu d
040 _aBLK
041 _aBUL
_cBUL
080 _aКларинет. Етюди, гами, учебна литература
_b788.6.087.5
_z788.6.087.5
100 _aДимитров, Сава
_eпърви автор
_91299
139 _aДимитров, Сава
_bД 58
245 _aЕтюди за кларинет
_cСава Димитров
_bТетрадка І - VІІІ
_nТетрадка V
250 _a2 изд.
257 _aBGR
260 _9209548
_aСофия
_bНаука и изкуство
_c1956-1970
300 _c32 см
380 _a7
650 0 _9353811
_aКларинет - етюди, гами
653 7 _9188643
_aкларинети
653 7 _9186510
_aетюди
760 _h39 с.
_oV тетрадка
852 _aЦб М II 3452
_bИП
_c788/Д 55
942 _cNOT
_n0
_s1
944 _c2020-03-30
_kВалентина Караджова
999 _d349858
999 _d349858